POPULATION GEOGRAPHY OF ASSAM (Record no. 8170)
[ view plain ]
| 000 -LEADER | |
|---|---|
| fixed length control field | 00366cam a2200157ua 4500 |
| 008 - FIXED-LENGTH DATA ELEMENTS--GENERAL INFORMATION | |
| fixed length control field | 120102n1985 II |||gr||||Z||||||eng |
| 040 ## - CATALOGING SOURCE | |
| Original cataloging agency | MAIN |
| 041 ## - LANGUAGE CODE | |
| -- | English |
| 082 ## - DEWEY DECIMAL CLASSIFICATION NUMBER | |
| Classification number | 304.654162 BAR |
| 100 ## - MAIN ENTRY--PERSONAL NAME | |
| Personal name | BARUAH , G.L . |
| 245 ## - TITLE STATEMENT | |
| Title | POPULATION GEOGRAPHY OF ASSAM |
| 260 ## - PUBLICATION, DISTRIBUTION, ETC. | |
| Place of publication, distribution, etc. | NEW DELHI |
| Name of publisher, distributor, etc. | MITTAL PUBLISHERS |
| Date of publication, distribution, etc. | 1985 |
| 300 ## - PHYSICAL DESCRIPTION | |
| Extent | 268. |
| 942 ## - ADDED ENTRY ELEMENTS (KOHA) | |
| Koha item type | Books |
| Withdrawn status | Lost status | Damaged status | Not for loan | Collection code | Home library | Current library | Shelving location | Date acquired | Full call number | Barcode | Date last seen | Copy number | Price effective from | Koha item type | Public note |
|---|---|---|---|---|---|---|---|---|---|---|---|---|---|---|---|
| TBGEO | Central Library and Information Centre Sibsagar Girls College | Central Library and Information Centre Sibsagar Girls College | GEOGRAPHY BOOK RACK | 20.04.1983 | 304.654162 BAR | 07323 | 27.02.2020 | 1 | 27.02.2020 | Books | V |